Tiptoes / (Record no. 3687)
[ view plain ]
| 000 -LEADER | |
|---|---|
| fixed length control field | 01135nam a22003377a 4500 |
| 001 - CONTROL NUMBER | |
| control field | 3687 |
| 003 - CONTROL NUMBER IDENTIFIER | |
| control field | FISKH |
| 005 - DATE AND TIME OF LATEST TRANSACTION | |
| control field | 20240410154608.0 |
| 008 - FIXED-LENGTH DATA ELEMENTS--GENERAL INFORMATION | |
| fixed length control field | 240410b cb ||||| |||| 00| 0 eng d |
| 020 ## - INTERNATIONAL STANDARD BOOK NUMBER | |
| International Standard Book Number | 31097004 |
| 040 ## - CATALOGING SOURCE | |
| Original cataloging agency | FISKH |
| Language of cataloging | eng |
| Transcribing agency | FISKH |
| Modifying agency | FISKH |
| 050 ## - LIBRARY OF CONGRESS CALL NUMBER | |
| Classification number | PZ7 |
| 082 ## - DEWEY DECIMAL CLASSIFICATION NUMBER | |
| Classification number | 428.612 |
| 100 ## - MAIN ENTRY--PERSONAL NAME | |
| Personal name | Hicks, Laurel |
| 245 ## - TITLE STATEMENT | |
| Title | Tiptoes / |
| Statement of responsibility, etc. | By Laurel Hicks and Marion Hedquist ; Illustrated by Frank Hicks, Brian Jekel, Stan Shimmin, and Teri Vila |
| 250 ## - EDITION STATEMENT | |
| Edition statement | This edition published in 1995 |
| 260 ## - PUBLICATION, DISTRIBUTION, ETC. | |
| Place of publication, distribution, etc. | Florida, |
| Name of publisher, distributor, etc. | A Beka Book, |
| Date of publication, distribution, etc. | 1973 |
| 300 ## - PHYSICAL DESCRIPTION | |
| Extent | 126 pages : |
| Other physical details | color illustrations ; |
| Dimensions | 23 cm |
| 520 ## - SUMMARY, ETC. | |
| Summary, etc. | A bright and colorful reader that coordinates reading material with the phonics concepts as they are learned. |
| 521 8# - TARGET AUDIENCE NOTE | |
| Target audience note | 370 <br/> |
| Source | Lexile Estimate <br/> |
| 521 8# - TARGET AUDIENCE NOTE | |
| Target audience note | G <br/> |
| Source | Raz-Plus <br/> |
| 650 ## - SUBJECT ADDED ENTRY--TOPICAL TERM | |
| Topical term or geographic name entry element | Phonics |
| General subdivision | Grade 1 |
| 650 ## - SUBJECT ADDED ENTRY--TOPICAL TERM | |
| Topical term or geographic name entry element | Easy Reader |
| 700 ## - ADDED ENTRY--PERSONAL NAME | |
| Personal name | Hedquist, Marion |
| Relator term | Author |
| 700 ## - ADDED ENTRY--PERSONAL NAME | |
| Personal name | Hicks, Frank |
| Relator term | Illustrator |
| 700 ## - ADDED ENTRY--PERSONAL NAME | |
| Personal name | Jekel, Brian |
| Relator term | Illustrator |
| 700 ## - ADDED ENTRY--PERSONAL NAME | |
| Personal name | Shimmin, Stan |
| Relator term | Illustrator |
| 700 ## - ADDED ENTRY--PERSONAL NAME | |
| Personal name | Vila, Teri |
| Relator term | Illustrator |
| 942 ## - ADDED ENTRY ELEMENTS (KOHA) | |
| Source of classification or shelving scheme | Dewey Decimal Classification |
| Koha item type | Khmer Books |
| Suppress in OPAC | No |
| Withdrawn status | Lost status | Source of classification or shelving scheme | Damaged status | Not for loan | Collection | Home library | Current library | Shelving location | Date acquired | Total Checkouts | Full call number | Barcode | Date last seen | Date last checked out | Price effective from | Koha item type |
|---|---|---|---|---|---|---|---|---|---|---|---|---|---|---|---|---|
| Dewey Decimal Classification | Non-Fiction | Footprints International School Library Network Toul Kork Campus | Footprints International School Library Network Toul Kork Campus | TK Primary Library Room(4th Floor), Bookcase 7, Shelves 57-60, Dark Green Books | 04/10/2024 | 2 | HIC 428.612 PZ7 | 2024-0483 | 03/12/2026 | 01/14/2026 | 04/10/2024 | Khmer Books |
